00684 a2200193 4500010001400000020002700014035001300041037001600054082001100070090001500081100002200096245008800118260003600206270004600242300002500288942002600313999001500339952013600354 aENG-89003 a97881250322512c595.00 aEN-72536 bDBAD / PUB14a302.34 c9821d98211 aSusan Visvanathan1 aFriendship, interiority and mysticism :cby Susan Visvanathanbessays in dialogue / aNew DelhibOrient Longmanc2007 a1/24, Asaf Ali Road,bNew Delhie110 002 cxi, 253p.b22cm (Hb) cENadplk302.34 / SUS c9642d9642 00102ddc40718NFICaDBADbDBADeDBAD/PUBg595.00l0o302.34 SUSpEN-72536r2008-09-15 00:00:00t1u10631v595.00w2008-09-15yEN